| 000 | 01345nam a2200325 4500 | ||
|---|---|---|---|
| 005 | 20240530110430.0 | ||
| 008 | 150330s2004 su ecm f 001 0 ara d | ||
| 017 |
_a1424/3023 _bالسعودية . مكتبة الملك فهد |
||
| 020 | _a9960403866 | ||
| 040 | _aEG-CaGPL | ||
| 082 | 0 | 4 |
_221 _a302.2 _bط/ج س |
| 100 | 1 |
_aجراهام ، ايان _qايان جراهام |
|
| 245 | 1 |
_aشبكة الاتصالات الدولية / _cايان جراهام ؛ ترجمة مركز التعريب والترجمة بمكتبة العبيكان |
|
| 250 | _aط1 | ||
| 260 |
_aالرياض : _bمكتبة العبيكان ، _c2004 . |
||
| 300 |
_a49 ص : _bصور لو ؛ _c30 سم |
||
| 490 | 0 | _aسلسلة الاتصالات تحت المجهر | |
| 650 | 0 | 4 |
_aالتصالات _xكتب الاطفال |
| 650 | 0 | 4 | _aالاتصالات السلكية واللاسلكية |
| 650 | 0 | 4 | _aاللاسلكى |
| 650 | 0 | 4 | _aهندسة الاتصالات |
| 650 | 0 | 4 | _aالتليفون |
| 650 | 0 | 4 | _aالاتصالات العسكرية |
| 650 | 0 | 4 |
_aالحاسب الالى _xجرائم |
| 650 | 0 | 4 | _aالاتصالات الفضائية |
| 650 | 0 | 4 | _aالانترنت |
| 710 | 2 |
_aمركز التعريب والترجمة بمكتبة العبيكان _eمترجم |
|
| 942 |
_2ddc _cBK |
||
| 999 |
_c60828 _d60828 |
||